| 000 | 00393 a2200169 4500 | ||
|---|---|---|---|
| 001 | 188186 | ||
| 020 | _a978-85-7319-637-5 | ||
| 040 | _cMagnum | ||
| 100 | _aCunha, Leo | ||
| 240 | 1 | 0 |
_aTurmas do prédio, da rua e do bairro _lpor |
| 245 | 1 | 0 | _aTurmas do prédio, da rua e do bairro |
| 300 | _a80 | ||
| 362 | 0 | _a2008 | |
| 440 | 1 | _aDimensão | |
| 697 | _aLITERATURA JUVENIL | ||
| 942 | _cBK | ||
| 999 |
_c188186 _d188186 |
||